000 00720nam a2200253Ia 4500
003 OSt
005 20220926013105.0
006 a|||||r|||| 00| 0
007 ta
008 220923b |||||||| |||| 00| 0 eng d
037 _cGeneral Book
040 _aRTL
_cRTL
_beng
041 _2eng
_aeng
082 _aY773(P15).73.N7, L7
100 _aSpencer Robert F
_9317816
245 0 _aNative Americans
_b Ethnology and backgrounds of th
250 _a2
260 _aNew York
_bHarper and Row
_c1977
300 _axxi, 584p
_ccm.
500 _aBibliography: P 543-70
650 _aRed Indians
942 _hY773(P15).73.N7, L7
_cGB
_2CC
999 _c625154
_d625154